Statistiques concernant Acteurs en O (par images).

Cliquez ici pour prendre le quiz!

Statistiques générales

  • Ce quiz a été pris 148 fois
  • Le résultat moyen est 3 sur 12

Statistiques - réponses

Réponse% Correct
Jenna Ortega
80%
Laurent Ournac
57%
Elizabeth Olsen
51%
Dylan O'Brien
48%
Gary Oldman
48%
Sabrina Ouazani
22%
Clive Owen
13%
Laurence Olivier
9%
Miranda Otto
8%
Bulle Ogier
4%
Finnegan Oldfield
4%
Catherine O'hara
2%

Distribution des résultats

Percentile par nombre de réponses

% des personnes avec chaque résultat

Votre développement - résultats

Vous n’avez pas pris ce quiz